000 00863cam a22002532 4500
001 28627
003 BD-RjUL
005 20211209051316.0
008 140331s1964 nyua 001 0 eng
035 _a(BD-RjUL)28708
040 _aDLC
_cCarP
_ddLC
_dDLC
_dBD-RjUL
_beng
041 _aeng
082 _a362.220973
_bHAN 1964
100 1 _aBellak, Leopold
_d1916- [from old catalog]
_987630
245 1 0 _aHandbook of community psychiatry and community mental health /
_cContributors: Daniel Adelson, and others.
260 _aNew York :
_bGrune & Stratton,
_cc1964.
300 _aviii, 465 p. :
_bdiagrs., tables. ;
_c26 cm.
504 _aIncludes Index.
650 0 _aCommunity mental health services.
_zUnited States.
_987631
740 0 _aCommunity psychiatry and community mental health.
942 _2ddc
_cBK
999 _c28627
_d28627